Municipis de la comarca del Vallès oriental amb mapa (Catalunya) - Statistics

General Stats
  • This quiz has been taken 134 times
  • The average score is 16 of 39
Answers on the Map
Answers color-coded by a green-red scale on the quiz's map according to % correct below.
 
Answer Stats
Answer % Correct
Aiguafreda
70%
Cànoves i Samalús
63%
Sant Celoni
57%
Caldes de Montbui
55%
Fogars de Montclús
54%
La Garriga
54%
Les Franqueses del Vallès
54%
Montseny
54%
Sant Feliu de Codines
48%
Bigues i Riells
46%
Sant Esteve de Palautordera
46%
Cardedeu
45%
Figaró-Montmany
45%
Tagamanent
45%
Gualba
43%
Sant Pere de Vilamajor
43%
Granollers
41%
Llinars del Vallès
41%
Campins
39%
La Roca del Vallès
39%
Lliçà d'Amunt
39%
Santa Maria de Palautordera
39%
L'Ametlla del Vallès
38%
Montmeló
38%
Vallgorguina
38%
Canovelles
36%
Lliçà de Vall
36%
Vilalba Sasserra
36%
Mollet del Vallès
34%
La Llagosta
32%
Santa Eulàlia de Ronçana
32%
Parets del Vallès
30%
Sant Antoni de Vilamajor
30%
Martorelles
27%
Santa Maria de Martorelles
27%
Sant Fost de Campsentelles
27%
Montornès del Vallès
23%
Vilanova del Vallès
23%
Vallromanes
20%
No matching quizzes found
Score Distribution
Percent of People with Each Score
Percentile by Number Answered
Your Score History
You have not taken this quiz